[Event "34. Abierto Collado Villalba 2017 - B"]
[Site "Collado Villalba ESP"]
[Date "2017.08.22"]
[Round "1.1"]
[White "Vazquez Rodriguez, Francisco"]
[Black "Sotoca Aguado, Jose"]
[Result "0-1"]
[WhiteElo "1579"]
[BlackElo "1885"]
[PlyCount "96"]
[EventDate "2017.08.22"]
[EventType "swiss"]
[EventRounds "9"]
[EventCountry "ESP"]
[SourceTitle "Ajedrez en Madrid"]
[Source "lmi"]
[SourceDate "2017.08.22"]
[SourceVersion "1"]
[SourceVersionDate "2017.08.31"]
[SourceQuality "1"]

1. e4 c6 2. d4 d5 3. exd5 cxd5 4. c4 Nf6 5. Nc3 Nc6 6. Bg5 Ne4 7. Nxe4 dxe4 8.
Be3 e6 9. c5 Be7 10. Bb5 Qa5+ 11. Qd2 Qxb5 12. Ne2 O-O 13. O-O Bf6 14. a4 Qd3
15. Rfd1 Bd7 16. Qxd3 exd3 17. Rxd3 Nb4 18. Rd2 Bc6 19. Nc3 a6 20. Bf4 Rfd8 21.
Be3 Rd7 22. Ne2 Rad8 23. h3 e5 24. Ra3 exd4 25. Bf4 Rd5 26. Bd6 Rg5 27. g4 Re8
28. Kf1 h5 29. Nf4 Rf5 30. Ng2 g5 31. Ne1 Bd5 32. Ng2 Bc4+ 33. Kg1 Re2 34. Rxe2
Bxe2 35. Ne1 d3 36. c6 Nxc6 37. Nxd3 Rd5 38. Nf4 gxf4 39. Bxf4 Rd3 40. Ra2 Bf3
41. Ra1 Nd4 42. Be3 Be4 43. Kf1 Nc2 44. Rc1 Nxe3+ 45. fxe3 Rxe3 46. Rc8+ Kg7
47. Rc1 Rxh3 48. Rd1 h4 0-1

[Event "34. Abierto Collado Villalba 2017 - B"]
[Site "Collado Villalba ESP"]
[Date "2017.08.22"]
[Round "1.2"]
[White "Cuellar Gutierrez, Raul"]
[Black "Alameda Arellano, Cristeto"]
[Result "1-0"]
[WhiteElo "1878"]
[BlackElo "1577"]
[PlyCount "105"]
[EventDate "2017.08.22"]
[EventType "swiss"]
[EventRounds "9"]
[EventCountry "ESP"]
[SourceTitle "Ajedrez en Madrid"]
[Source "lmi"]
[SourceDate "2017.08.22"]
[SourceVersion "1"]
[SourceVersionDate "2017.08.31"]
[SourceQuality "1"]

1. d4 d5 2. g3 Nf6 3. Nf3 c6 4. Bg2 e6 5. O-O Be7 6. c4 O-O 7. Nbd2 Nbd7 8. Qc2
b6 9. e4 dxe4 10. Nxe4 Bb7 11. Rd1 Nxe4 12. Qxe4 Nf6 13. Qc2 Rc8 14. Ne5 Qc7
15. Qe2 c5 16. Bf4 Bd6 17. dxc5 bxc5 18. Bxb7 Bxe5 19. Bxc8 Bxf4 20. Bxe6 Re8
21. gxf4 Rxe6 22. Qd2 Ne8 23. Re1 Rg6+ 24. Kf1 Qc8 25. Qe3 Nd6 26. Rad1 h6 27.
b3 Qg4 28. Qg3 Qh5 29. Rd5 Nf5 30. Qd3 Rf6 31. Ree5 g6 32. h3 Qh4 33. Rxc5 Qxf4
34. Rxf5 Qc1+ 35. Kg2 gxf5 36. Rxf5 Rg6+ 37. Kf3 Qh1+ 38. Kf4 Qh2+ 39. Ke4 Re6+
40. Kd4 Rd6+ 41. Rd5 Qxf2+ 42. Kc3 Rf6 43. Rd8+ Kg7 44. Qd4 Qf3+ 45. Qd3 Qg2
46. Rd4 h5 47. Re4 Qxa2 48. Qd4 Qa1+ 49. Kb4 a5+ 50. Kb5 Qa3 51. Qc3 Kg6 52.
Qg3+ Kh6 53. Qf4+ 1-0

[Event "34. Abierto Collado Villalba 2017 - B"]
[Site "Collado Villalba ESP"]
[Date "2017.08.22"]
[Round "1.3"]
[White "Aguilera Alonso, Hector"]
[Black "Gonzalez Pabollet, Jesus Maria"]
[Result "1/2-1/2"]
[WhiteElo "1574"]
[BlackElo "1873"]
[PlyCount "126"]
[EventDate "2017.08.22"]
[EventType "swiss"]
[EventRounds "9"]
[EventCountry "ESP"]
[SourceTitle "Ajedrez en Madrid"]
[Source "lmi"]
[SourceDate "2017.08.22"]
[SourceVersion "1"]
[SourceVersionDate "2017.08.31"]
[SourceQuality "1"]

1. e4 e5 2. Nf3 Nc6 3. Bc4 Bc5 4. c3 Nf6 5. d3 d6 6. h3 O-O 7. b4 Bb6 8. O-O a6
9. Qe2 Be6 10. Nbd2 Nh5 11. Kh1 Nf4 12. Qd1 Qd7 13. Bxe6 fxe6 14. Nc4 Ba7 15.
Be3 b5 16. Nb2 Qf7 17. Bxa7 Rxa7 18. a4 Nxh3 19. gxh3 Qxf3+ 20. Qxf3 Rxf3 21.
Kg2 Rf7 22. axb5 axb5 23. Rxa7 Nxa7 24. Ra1 c6 25. c4 g5 26. f3 Kg7 27. Nd1 h5
28. Ne3 Kf6 29. Kf2 c5 30. bxc5 dxc5 31. cxb5 Nxb5 32. Nc4 Ra7 33. Rb1 Ra2+ 34.
Rb2 Rxb2+ 35. Nxb2 Nd6 36. Ke2 Nc8 37. Na4 Ne7 38. Nxc5 Ng6 39. Kf2 Nf4 40.
Nd7+ Ke7 41. Nxe5 Nxh3+ 42. Ke3 Nf4 43. d4 h4 44. Ng4 h3 45. Kf2 Kd6 46. Ke3
Nh5 47. Kf2 Nf4 48. Kg3 Ne2+ 49. Kxh3 Nxd4 50. Kg3 e5 51. Ne3 Ke6 52. Kg4 Kf6
53. Nd5+ Kg6 54. Ne7+ Kf6 55. Nd5+ Kg6 56. Nc3 Kf6 57. Nb1 Ne2 58. Nd2 Nd4 59.
Nf1 Kg6 60. Ng3 Ne6 61. Nh1 Nd4 62. Nf2 Kf6 63. Nh3 Ne6 1/2-1/2

[Event "34. Abierto Collado Villalba 2017 - B"]
[Site "Collado Villalba ESP"]
[Date "2017.08.22"]
[Round "1.4"]
[White "Olias Muñoz, Francisco"]
[Black "Yaniz Lana, Francisco Javier"]
[Result "0-1"]
[WhiteElo "1865"]
[BlackElo "1572"]
[PlyCount "58"]
[EventDate "2017.08.22"]
[EventType "swiss"]
[EventRounds "9"]
[EventCountry "ESP"]
[SourceTitle "Ajedrez en Madrid"]
[Source "lmi"]
[SourceDate "2017.08.22"]
[SourceVersion "1"]
[SourceVersionDate "2017.08.31"]
[SourceQuality "1"]

1. e4 c5 2. Nf3 Nc6 3. d4 cxd4 4. Nxd4 g6 5. Nc3 Bg7 6. Be3 Nf6 7. f3 O-O 8.
Qd2 d5 9. exd5 Nxd5 10. Nxd5 Qxd5 11. Nxc6 Qxc6 12. O-O-O Be6 13. Kb1 a5 14.
Be2 Rfc8 15. Qc1 a4 16. Rd2 Bxa2+ 17. Kxa2 Qe6+ 18. c4 a3 19. b3 Bb2 20. Qg1 b5
21. Qf2 bxc4 22. Bxc4 Rxc4 23. bxc4 Qxc4+ 24. Kb1 Qc3 25. Rxb2 axb2 26. Qxb2
Qd3+ 27. Qc2 Ra1+ 28. Kxa1 Qxc2 29. Rc1 Qxg2 0-1

[Event "34. Abierto Collado Villalba 2017 - B"]
[Site "Collado Villalba ESP"]
[Date "2017.08.22"]
[Round "1.5"]
[White "Garcia Lopez, Fernando"]
[Black "Osorio Ramos, Francisco"]
[Result "1/2-1/2"]
[WhiteElo "1558"]
[BlackElo "1845"]
[PlyCount "116"]
[EventDate "2017.08.22"]
[EventType "swiss"]
[EventRounds "9"]
[EventCountry "ESP"]
[SourceTitle "Ajedrez en Madrid"]
[Source "lmi"]
[SourceDate "2017.08.22"]
[SourceVersion "1"]
[SourceVersionDate "2017.08.31"]
[SourceQuality "1"]

1. e4 c5 2. Nf3 e6 3. d4 cxd4 4. Nxd4 a6 5. Bd3 Qc7 6. Nc3 Nf6 7. O-O Nc6 8.
Nxc6 dxc6 9. Be3 b5 10. f4 e5 11. f5 h5 12. h3 Bb7 13. a3 c5 14. Be2 Rd8 15.
Qe1 Nxe4 16. Bf3 Nxc3 17. Bxb7 Qxb7 18. Qxc3 Qc7 19. Rad1 f6 20. Rxd8+ Kxd8 21.
Rd1+ Kc8 22. Qd3 Be7 23. Qd5 Kb8 24. Qe6 Rd8 25. Rxd8+ Qxd8 26. Qxa6 Qd7 27.
Qb6+ Qb7 28. Bxc5 Qxb6 29. Bxb6 Kb7 30. Be3 Kc6 31. b4 Kd5 32. g4 hxg4 33. hxg4
Kc4 34. Kf2 Kc3 35. Bc5 Bd8 36. Bf8 Kxc2 37. Bxg7 Kd3 38. Bf8 e4 39. Bc5 Bc7
40. g5 fxg5 41. f6 Be5 42. f7 Bg7 43. f8=Q e3+ 44. Bxe3 Bxf8 45. Bxg5 Bg7 46.
Ke1 Bb2 47. Kd1 Bxa3 48. Bd2 Bb2 49. Bg5 Bc3 50. Be7 Kc4 51. Kc2 Bxb4 52. Bxb4
Kxb4 53. Kb2 Kc4 54. Kc2 b4 55. Kb2 b3 56. Kb1 Kc3 57. Kc1 b2+ 58. Kb1 Kb3
1/2-1/2

[Event "34. Abierto Collado Villalba 2017 - B"]
[Site "Collado Villalba ESP"]
[Date "2017.08.22"]
[Round "1.6"]
[White "Camarero Izquierdo, Juan Carlos"]
[Black "Martin Garcia, Francisco Javier"]
[Result "1-0"]
[WhiteElo "1844"]
[BlackElo "1551"]
[PlyCount "49"]
[EventDate "2017.08.22"]
[EventType "swiss"]
[EventRounds "9"]
[EventCountry "ESP"]
[SourceTitle "Ajedrez en Madrid"]
[Source "lmi"]
[SourceDate "2017.08.22"]
[SourceVersion "1"]
[SourceVersionDate "2017.08.31"]
[SourceQuality "1"]

1. d4 Nf6 2. Nc3 d5 3. Bg5 Nbd7 4. f3 g6 5. e4 dxe4 6. fxe4 Bg7 7. e5 Ng8 8.
Qd2 h6 9. Bh4 c5 10. e6 fxe6 11. Bd3 Kf7 12. dxc5 Ngf6 13. O-O-O g5 14. Bg3 Qa5
15. Nf3 Qxc5 16. Rde1 Nh5 17. Rhg1 Kg8 18. Qe2 Nb6 19. Be5 Nf6 20. Bd4 Qc6 21.
Ne5 Qc7 22. Bg6 Nbd5 23. Nxd5 exd5 24. Nf7 e6 25. Nxh8 1-0

[Event "34. Abierto Collado Villalba 2017 - B"]
[Site "Collado Villalba ESP"]
[Date "2017.08.22"]
[Round "1.7"]
[White "Mejias Gonzalez, Pedro"]
[Black "Khudov, Oleksandr"]
[Result "0-1"]
[WhiteElo "1541"]
[BlackElo "1838"]
[PlyCount "62"]
[EventDate "2017.08.22"]
[EventType "swiss"]
[EventRounds "9"]
[EventCountry "ESP"]
[SourceTitle "Ajedrez en Madrid"]
[Source "lmi"]
[SourceDate "2017.08.22"]
[SourceVersion "1"]
[SourceVersionDate "2017.08.31"]
[SourceQuality "1"]

1. e4 e6 2. Nc3 d5 3. exd5 exd5 4. d4 Nf6 5. Nf3 Bd6 6. Bb5+ c6 7. Bd3 O-O 8.
O-O Bg4 9. h3 Bh5 10. g4 Bg6 11. Bg5 Nbd7 12. Re1 Qc7 13. Bxg6 hxg6 14. Bxf6
Nxf6 15. Ne5 Rfe8 16. f4 g5 17. fxg5 Bxe5 18. dxe5 Nd7 19. g6 fxg6 20. Qf3 Nxe5
21. Qg3 Qb6+ 22. Kh1 Qxb2 23. Rab1 Qxc2 24. Rxe5 d4 25. Rbe1 Rxe5 26. Qxe5 dxc3
27. Qe4 Qxe4+ 28. Rxe4 Rd8 29. Rc4 Rd3 30. Kh2 Kf7 31. g5 Ke6 0-1

[Event "34. Abierto Collado Villalba 2017 - B"]
[Site "Collado Villalba ESP"]
[Date "2017.08.22"]
[Round "1.8"]
[White "Herrero Corada, Jose Ignacio"]
[Black "Fernandez Garcia, Emiliano"]
[Result "1-0"]
[WhiteElo "1828"]
[BlackElo "1537"]
[PlyCount "97"]
[EventDate "2017.08.22"]
[EventType "swiss"]
[EventRounds "9"]
[EventCountry "ESP"]
[SourceTitle "Ajedrez en Madrid"]
[Source "lmi"]
[SourceDate "2017.08.22"]
[SourceVersion "1"]
[SourceVersionDate "2017.08.31"]
[SourceQuality "1"]

1. e4 c5 2. d4 cxd4 3. Nf3 Nf6 4. e5 Nd5 5. c3 Nc6 6. Bc4 Nb6 7. Bb3 e6 8. cxd4
d6 9. O-O Be7 10. Nc3 a6 11. Be3 dxe5 12. dxe5 O-O 13. Qd2 Qc7 14. Rac1 Nd7 15.
Bf4 b5 16. Ne4 Bb7 17. Nd6 Bxd6 18. exd6 Qd8 19. Rfd1 h6 20. a3 Rc8 21. Rc3 Qf6
22. Bg3 Rfe8 23. Bc2 e5 24. Bh4 g5 25. Nxg5 Nd4 26. Qd3 e4 27. Qxd4 Qxd4 28.
Rxd4 Rxc3 29. bxc3 hxg5 30. Bxg5 Kg7 31. Bb3 Bc6 32. c4 f6 33. cxb5 axb5 34.
Bf4 Kg6 35. Bd5 Ba8 36. Bxa8 Rxa8 37. Rxe4 Rxa3 38. g3 Ra7 39. Bd2 Kf5 40. Re3
Ra4 41. Re7 Ra7 42. h4 Kg4 43. Kg2 Rb7 44. f3+ Kh5 45. Kh3 b4 46. Bxb4 Rxb4 47.
Rxd7 Rb1 48. Rd8 Rd1 49. d7 1-0

[Event "34. Abierto Collado Villalba 2017 - B"]
[Site "Collado Villalba ESP"]
[Date "2017.08.22"]
[Round "1.9"]
[White "Cebrian Alfaya, Jorge"]
[Black "Santos Garay-Cordovil, Salvador"]
[Result "0-1"]
[WhiteElo "1527"]
[BlackElo "1825"]
[PlyCount "120"]
[EventDate "2017.08.22"]
[EventType "swiss"]
[EventRounds "9"]
[EventCountry "ESP"]
[SourceTitle "Ajedrez en Madrid"]
[Source "lmi"]
[SourceDate "2017.08.22"]
[SourceVersion "1"]
[SourceVersionDate "2017.08.31"]
[SourceQuality "1"]

1. d4 Nf6 2. Bf4 e6 3. e3 c5 4. Nf3 Nc6 5. c3 d5 6. Nbd2 Be7 7. Bd3 Nh5 8. Bg3
Nxg3 9. hxg3 g6 10. Qc2 cxd4 11. exd4 Bf6 12. O-O-O Bd7 13. Kb1 Rc8 14. Nb3 Nb4
15. Qe2 Nxd3 16. Qxd3 b6 17. Rh2 a5 18. Ne5 Bxe5 19. dxe5 a4 20. Nd4 a3 21. Nb5
Bxb5 22. Qxb5+ Kf8 23. Qb4+ Qe7 24. Qxe7+ Kxe7 25. Rd4 Rc6 26. Rdh4 axb2 27.
Kxb2 Rhc8 28. Ra4 Rxc3 29. Ra7+ R8c7 30. Rxc7+ Rxc7 31. Rh4 h5 32. Rb4 Rc6 33.
g4 hxg4 34. Rxg4 Kd8 35. Rf4 Ke8 36. g4 b5 37. Rb4 Rc4 38. Rxb5 Rxg4 39. Rb8+
Ke7 40. Rb7+ Ke8 41. f3 Rf4 42. Rb3 f6 43. exf6 Rxf6 44. Rb6 Ke7 45. a4 Rxf3
46. a5 Rf2+ 47. Kb3 Rf1 48. Kb2 g5 49. a6 Rf8 50. Rb7+ Kf6 51. Rb4 Ra8 52. Ra4
Kf5 53. a7 e5 54. Kc3 g4 55. Kd3 d4 56. Ke2 Kf4 57. Kf2 e4 58. Rxd4 Rxa7 59.
Rd1 Ra2+ 60. Kg1 e3 0-1

[Event "34. Abierto Collado Villalba 2017 - B"]
[Site "Collado Villalba ESP"]
[Date "2017.08.22"]
[Round "1.10"]
[White "Medrano Del Val, Julio"]
[Black "Criado Herrero, Luis"]
[Result "1/2-1/2"]
[WhiteElo "1823"]
[BlackElo "1526"]
[PlyCount "93"]
[EventDate "2017.08.22"]
[EventType "swiss"]
[EventRounds "9"]
[EventCountry "ESP"]
[SourceTitle "Ajedrez en Madrid"]
[Source "lmi"]
[SourceDate "2017.08.22"]
[SourceVersion "1"]
[SourceVersionDate "2017.08.31"]
[SourceQuality "1"]

1. c4 c5 2. g3 e6 3. Nc3 Nf6 4. Bg2 Be7 5. Nf3 d6 6. d3 O-O 7. Bg5 Qc7 8. O-O
a6 9. e4 Nc6 10. d4 cxd4 11. Nxd4 Rb8 12. Rc1 Bd7 13. Nc2 Rfe8 14. Ne3 Rbd8 15.
Kh1 Ne5 16. b3 Bc6 17. f4 Ng6 18. f5 Ne5 19. fxe6 fxe6 20. Bxf6 Bxf6 21. Ng4
Bg5 22. Rc2 Qa5 23. h4 Be7 24. Ne3 b5 25. cxb5 axb5 26. Bh3 Bf6 27. Bg2 b4 28.
Ne2 Bb5 29. Bh3 Bd3 30. Rf4 Bxc2 31. Qxc2 Rc8 32. Qd2 Rcd8 33. Rf1 Ng6 34. Nc4
Qc5 35. Rc1 Qc6 36. Qe3 Qa8 37. Rc2 d5 38. Nd2 d4 39. Qf3 Ne5 40. Qh5 d3 41.
Rb2 dxe2 42. Qxe2 Nd3 43. Rc2 Bc3 44. Nf3 Qb8 45. Kg2 Ne5 46. Ng5 Rd6 47. Qh5
1/2-1/2

[Event "34. Abierto Collado Villalba 2017 - B"]
[Site "Collado Villalba ESP"]
[Date "2017.08.22"]
[Round "1.11"]
[White "Martinez Martinez, Antonio"]
[Black "Sanz Toledano, Alfonso"]
[Result "0-1"]
[WhiteElo "1525"]
[BlackElo "1818"]
[PlyCount "53"]
[EventDate "2017.08.22"]
[EventType "swiss"]
[EventRounds "9"]
[EventCountry "ESP"]
[SourceTitle "Ajedrez en Madrid"]
[Source "lmi"]
[SourceDate "2017.08.22"]
[SourceVersion "1"]
[SourceVersionDate "2017.08.31"]
[SourceQuality "1"]

1. e4 Nf6 2. Nc3 d5 3. e5 Ne4 4. d4 Nxc3 5. bxc3 c5 6. dxc5 Nc6 7. Bb5 Qa5 8.
Bxc6+ bxc6 9. Qd4 e6 10. Be3 Rb8 11. a4 Ba6 12. Ne2 Rb2 13. Qd1 Bxc5 14. Qc1
Rb8 15. Bd2 Qb6 16. Be3 Bxe3 17. fxe3 O-O 18. Nd4 c5 19. Nb3 Qc7 20. Kd2 Rfc8
21. Qa3 Bc4 22. Rab1 h6 23. Na1 Qxe5 24. a5 d4 25. Rbe1 dxe3+ 26. Kc1 e2 27.
Qa4 0-1

[Event "34. Abierto Collado Villalba 2017 - B"]
[Site "Collado Villalba ESP"]
[Date "2017.08.22"]
[Round "1.12"]
[White "Bon Ibañez, Alejandro"]
[Black "Olmedo Aznar, Eduardo"]
[Result "1-0"]
[WhiteElo "1804"]
[BlackElo "1519"]
[PlyCount "75"]
[EventDate "2017.08.22"]
[EventType "swiss"]
[EventRounds "9"]
[EventCountry "ESP"]
[SourceTitle "Ajedrez en Madrid"]
[Source "lmi"]
[SourceDate "2017.08.22"]
[SourceVersion "1"]
[SourceVersionDate "2017.08.31"]
[SourceQuality "1"]

1. e4 Nf6 2. e5 Nd5 3. d4 d6 4. c4 Nb6 5. Nf3 g6 6. Bf4 Bg7 7. Be2 Nc6 8. exd6
cxd6 9. O-O O-O 10. Qd2 Bg4 11. Na3 Re8 12. Be3 d5 13. c5 Nd7 14. Nc2 b6 15. b4
bxc5 16. bxc5 Qa5 17. Qxa5 Nxa5 18. h3 Bxf3 19. Bxf3 e6 20. Rab1 Nb8 21. Na3
Nbc6 22. Rfd1 Rab8 23. Nc2 Rxb1 24. Rxb1 Rb8 25. Rxb8+ Nxb8 26. Be2 Nbc6 27.
Bb5 Kf8 28. Bd2 Ke7 29. Bc3 Kd8 30. Kf1 Kc7 31. Ke2 f6 32. Kd3 Nb7 33. Nb4
Nxb4+ 34. Bxb4 e5 35. Be8 Nd8 36. Ba5+ Kc8 37. c6 f5 38. Bd7+ 1-0

[Event "34. Abierto Collado Villalba 2017 - B"]
[Site "Collado Villalba ESP"]
[Date "2017.08.22"]
[Round "1.13"]
[White "Garcia Prada, Alejandro"]
[Black "Picazo Sancho, Alvaro"]
[Result "1-0"]
[WhiteElo "1505"]
[BlackElo "1772"]
[PlyCount "50"]
[EventDate "2017.08.22"]
[EventType "swiss"]
[EventRounds "9"]
[EventCountry "ESP"]
[SourceTitle "Ajedrez en Madrid"]
[Source "lmi"]
[SourceDate "2017.08.22"]
[SourceVersion "1"]
[SourceVersionDate "2017.08.31"]
[SourceQuality "1"]

1. e4 d6 2. d4 g6 3. Nf3 Bg7 4. Nc3 c6 5. Bc4 Nf6 6. O-O b5 7. Bb3 b4 8. e5 Ng4
9. h3 bxc3 10. hxg4 cxb2 11. Bxb2 Bxg4 12. Bxf7+ Kd7 13. d5 Bxf3 14. Qxf3 Bxe5
15. Bxe5 dxe5 16. dxc6+ Kc7 17. Rfd1 Qc8 18. Rab1 Nxc6 19. Bd5 Qa6 20. Qc3 Rhb8
21. Bxc6 Rxb1 22. Bb5+ Kb8 23. Rxb1 Qxa2 24. Rb2 Qa1+ 25. Kh2 a5 1-0

[Event "34. Abierto Collado Villalba 2017 - B"]
[Site "Collado Villalba ESP"]
[Date "2017.08.22"]
[Round "1.14"]
[White "Gamboa Ondono, Jesus"]
[Black "Picazo Sancho, Carolina"]
[Result "1-0"]
[WhiteElo "1772"]
[BlackElo "1486"]
[PlyCount "45"]
[EventDate "2017.08.22"]
[EventType "swiss"]
[EventRounds "9"]
[EventCountry "ESP"]
[SourceTitle "Ajedrez en Madrid"]
[Source "lmi"]
[SourceDate "2017.08.22"]
[SourceVersion "1"]
[SourceVersionDate "2017.08.31"]
[SourceQuality "1"]

1. d4 g6 2. c4 Nf6 3. Nc3 Bg7 4. e4 d6 5. Bd3 O-O 6. Bg5 c5 7. d5 e6 8. Nge2 a6
9. Qd2 Qe8 10. O-O Nbd7 11. f4 exd5 12. exd5 Nb6 13. Rae1 Qd7 14. Ng3 Qc7 15.
f5 gxf5 16. Bh6 Bxh6 17. Qxh6 Ng4 18. Qg5+ Kh8 19. Re7 Qd8 20. Nxf5 Rg8 21. Qh4
Qf8 22. Nxd6 Rg7 23. Nxf7+ 1-0

[Event "34. Abierto Collado Villalba 2017 - B"]
[Site "Collado Villalba ESP"]
[Date "2017.08.22"]
[Round "1.15"]
[White "Merino Conrado, Ricardo"]
[Black "Fernandez Rios, Jose Francisco"]
[Result "1/2-1/2"]
[WhiteElo "1474"]
[BlackElo "1771"]
[PlyCount "83"]
[EventDate "2017.08.22"]
[EventType "swiss"]
[EventRounds "9"]
[EventCountry "ESP"]
[SourceTitle "Ajedrez en Madrid"]
[Source "lmi"]
[SourceDate "2017.08.22"]
[SourceVersion "1"]
[SourceVersionDate "2017.08.31"]
[SourceQuality "1"]

1. c4 c5 2. Nf3 g6 3. Nc3 Bg7 4. e3 Nf6 5. d4 cxd4 6. exd4 d5 7. c5 Nc6 8. a3
O-O 9. Bf4 a6 10. Be2 Nh5 11. Be3 Nf6 12. Na4 Bg4 13. Nb6 Ra7 14. h3 Bxf3 15.
Bxf3 e6 16. Qd3 Nd7 17. Nxd7 Qxd7 18. b4 e5 19. Bg4 f5 20. Be2 f4 21. O-O fxe3
22. fxe3 Rxf1+ 23. Rxf1 Ra8 24. b5 axb5 25. Bg4 e4 26. Qxb5 Qe7 27. Qb3 Rd8 28.
Bd1 Na5 29. Qc3 Qc7 30. Bg4 b6 31. Be6+ Kh8 32. Rf7 Qc6 33. Ra7 Qxe6 34. cxb6
Nc6 35. Rc7 Rc8 36. Rxc8+ Qxc8 37. a4 Qb7 38. Qc5 Nd8 39. Qc7 Bf6 40. a5 Kg8
41. g4 Qa6 42. Qd6 1/2-1/2

[Event "34. Abierto Collado Villalba 2017 - B"]
[Site "Collado Villalba ESP"]
[Date "2017.08.22"]
[Round "1.16"]
[White "Rodriguez Del Moral, Angel"]
[Black "Enriquez Pastor, Jorge"]
[Result "1-0"]
[WhiteElo "1769"]
[BlackElo "1472"]
[PlyCount "92"]
[EventDate "2017.08.22"]
[EventType "swiss"]
[EventRounds "9"]
[EventCountry "ESP"]
[SourceTitle "Ajedrez en Madrid"]
[Source "lmi"]
[SourceDate "2017.08.22"]
[SourceVersion "1"]
[SourceVersionDate "2017.08.31"]
[SourceQuality "1"]

1. Nf3 Nf6 2. c4 d6 3. g3 e5 4. d3 g6 5. Bg2 Bg7 6. Nc3 O-O 7. O-O Nc6 8. Bg5
h6 9. Bd2 Be6 10. Qc1 g5 11. h4 g4 12. Ne1 h5 13. Bg5 Rb8 14. a3 Nd4 15. Qd1
Qe8 16. e3 Nf5 17. Bxf6 Bxf6 18. Nd5 Bxd5 19. Bxd5 Ne7 20. Be4 Bg7 21. Qc2 f5
22. Bg2 f4 23. Be4 fxg3 24. fxg3 Rxf1+ 25. Kxf1 Qf8+ 26. Qf2 Qxf2+ 27. Kxf2
Rf8+ 28. Ke2 c6 29. Rb1 Nf5 30. Bxf5 Rxf5 31. e4 Rf8 32. b4 b6 33. a4 Rd8 34.
Nc2 d5 35. Rf1 dxc4 36. dxc4 Rf8 37. b5 cxb5 38. Rxf8+ Bxf8 39. cxb5 Bc5 40.
Ne1 Kf7 41. Nd3 Ke6 42. Nxc5+ bxc5 43. Kd3 Kd7 44. Kc4 Kd6 45. a5 a6 46. bxa6
Kc6 1-0

[Event "34. Abierto Collado Villalba 2017 - B"]
[Site "Collado Villalba ESP"]
[Date "2017.08.22"]
[Round "1.17"]
[White "Olmedo Alvarez, Marcos"]
[Black "Mataix Fernandez, Ricardo"]
[Result "0-1"]
[WhiteElo "1466"]
[BlackElo "1762"]
[PlyCount "84"]
[EventDate "2017.08.22"]
[EventType "swiss"]
[EventRounds "9"]
[EventCountry "ESP"]
[SourceTitle "Ajedrez en Madrid"]
[Source "lmi"]
[SourceDate "2017.08.22"]
[SourceVersion "1"]
[SourceVersionDate "2017.08.31"]
[SourceQuality "1"]

1. Nf3 d5 2. g3 Nc6 3. Bg2 e5 4. d3 Nf6 5. Nbd2 Bc5 6. O-O e4 7. dxe4 dxe4 8.
Ng5 e3 9. Nde4 exf2+ 10. Nxf2 Qxd1 11. Rxd1 Ng4 12. Nge4 Nxf2 13. Nxf2 O-O 14.
Kf1 Ne7 15. Bf4 c6 16. Ne4 Bb6 17. Bd6 Nf5 18. Bxf8 Ne3+ 19. Ke1 Nxg2+ 20. Kd2
Kxf8 21. Nd6 Ne3 22. Rdb1 Bh3 23. c4 Nf5 24. Nxf5 Bxf5 25. Kc3 Re8 26. Rf1 Bh3
27. Rf4 Rxe2 28. b4 Bc7 29. Kd3 Rxh2 30. Rg1 Bxf4 31. gxf4 Rxa2 32. Kd4 f6 33.
Kc5 Be6 34. Kd6 Bxc4 35. Re1 Re2 36. Ra1 a6 37. Kc7 Re7+ 38. Kb6 Kf7 39. Rh1 h6
40. Rh5 Kg6 41. Rc5 Bd5 42. Rc1 Kf5 0-1

[Event "34. Abierto Collado Villalba 2017 - B"]
[Site "Collado Villalba ESP"]
[Date "2017.08.22"]
[Round "1.18"]
[White "Alvarez Gonzalez, Eduardo"]
[Black "Orta Vazquez, Mario"]
[Result "1-0"]
[WhiteElo "1761"]
[BlackElo "1424"]
[PlyCount "100"]
[EventDate "2017.08.22"]
[EventType "swiss"]
[EventRounds "9"]
[EventCountry "ESP"]
[SourceTitle "Ajedrez en Madrid"]
[Source "lmi"]
[SourceDate "2017.08.22"]
[SourceVersion "1"]
[SourceVersionDate "2017.08.31"]
[SourceQuality "1"]

1. d4 Nf6 2. Nf3 e6 3. c4 b6 4. g3 Ba6 5. b3 Bb4+ 6. Bd2 Be7 7. Nc3 Bb7 8. Bg2
O-O 9. Qc2 d5 10. cxd5 exd5 11. O-O Nbd7 12. Rfd1 Rc8 13. Rac1 Ba3 14. Rb1 c5
15. Qd3 a6 16. Bc1 Bb4 17. Bb2 Re8 18. a3 Ba5 19. Nd2 cxd4 20. Na2 Nc5 21. Qxd4
Bxd2 22. Qxd2 Nxb3 23. Qb4 Nc5 24. e3 a5 25. Bxf6 Qxf6 26. Qxb6 Rc6 27. Qxa5
Ra8 28. Qc3 Qxc3 29. Nxc3 Rd6 30. Bxd5 Bxd5 31. Nxd5 Kf8 32. Ra1 f6 33. Nc3
Rda6 34. Nb5 Rb8 35. Rdb1 Kf7 36. Nd6+ Rxd6 37. Rxb8 Rd2 38. Rab1 Ne4 39. R8b2
Rd3 40. Rb3 Rd2 41. R1b2 Rd1+ 42. Kg2 h5 43. Rb4 Nc5 44. Ra2 f5 45. h4 Nd3 46.
Rd4 Ne1+ 47. Kf1 Rb1 48. Ke2 Ng2 49. Rd1 g5 50. hxg5 h4 1-0

[Event "34. Abierto Collado Villalba 2017 - B"]
[Site "Collado Villalba ESP"]
[Date "2017.08.22"]
[Round "1.19"]
[White "Guerra Pantojo, Daniel"]
[Black "Menguez Rodriguez, Felipe"]
[Result "0-1"]
[WhiteElo "1390"]
[BlackElo "1736"]
[PlyCount "74"]
[EventDate "2017.08.22"]
[EventType "swiss"]
[EventRounds "9"]
[EventCountry "ESP"]
[SourceTitle "Ajedrez en Madrid"]
[Source "lmi"]
[SourceDate "2017.08.22"]
[SourceVersion "1"]
[SourceVersionDate "2017.08.31"]
[SourceQuality "1"]

1. e4 c5 2. Nf3 g6 3. d4 cxd4 4. Nxd4 Bg7 5. Nc3 Nc6 6. Nf3 Nf6 7. Be2 O-O 8.
O-O d6 9. Bg5 h6 10. Bh4 Be6 11. Bg3 Nh5 12. Bh4 Nf4 13. Bg3 Nxe2+ 14. Qxe2 Bg4
15. Qe3 Rc8 16. a3 Bxf3 17. Qxf3 Nd4 18. Qd1 e6 19. Qd2 Qb6 20. Rab1 Qa5 21.
Rfd1 Qh5 22. Kf1 Rc4 23. Bxd6 e5 24. h3 Rd8 25. Bb4 b6 26. b3 Rc7 27. a4 a5 28.
Ba3 Rdc8 29. Bb2 Bf6 30. Qd3 Rd8 31. Nd5 Rxd5 32. exd5 e4 33. Qxe4 Re7 34. Qg4
Qe5 35. g3 h5 36. Bxd4 Qxd5 37. Bxf6 Qh1# 0-1

[Event "34. Abierto Collado Villalba 2017 - B"]
[Site "Collado Villalba ESP"]
[Date "2017.08.22"]
[Round "1.20"]
[White "Fernandez Estremera, Fernando"]
[Black "Dueñas Delgado, Maximiliano"]
[Result "1-0"]
[WhiteElo "1722"]
[BlackElo "1385"]
[PlyCount "45"]
[EventDate "2017.08.22"]
[EventType "swiss"]
[EventRounds "9"]
[EventCountry "ESP"]
[SourceTitle "Ajedrez en Madrid"]
[Source "lmi"]
[SourceDate "2017.08.22"]
[SourceVersion "1"]
[SourceVersionDate "2017.08.31"]
[SourceQuality "1"]

1. d4 g6 2. c4 Bg7 3. Nc3 Nf6 4. e4 d6 5. Nf3 a6 6. Be2 Nc6 7. d5 Na7 8. O-O
O-O 9. Qc2 c6 10. Be3 c5 11. a3 Ng4 12. Bd2 Bd7 13. a4 Qe8 14. a5 f5 15. Bd3
Qc8 16. Na4 Qe8 17. Nb6 Rb8 18. Ng5 Nc8 19. Nxd7 Qxd7 20. Ne6 Rf7 21. exf5 Ne5
22. fxg6 hxg6 23. Bxg6 1-0